Jornadas de Informática y Educación en Euskadi / (Record no. 47608)
[ view plain ]
| 000 -LEADER | |
|---|---|
| campo de control de longitud fija | 01122nam a2200217 i 4500 |
| 001 - NÚMERO DE CONTROL | |
| campo de control | 47608 |
| 003 - IDENTIFICADOR DE NÚMERO DE CONTROL | |
| campo de control | ES-MaACL |
| 005 - FECHA Y HORA DE LA ÚLTIMA TRANSACCIÓN | |
| campo de control | 20260104152848.0 |
| 007 - CAMPO FIJO DE DESCRIPCIÓN FÍSICA--INFORMACIÓN GENERAL | |
| campo de control de longitud fija | t| |
| 008 - DATOS DE LONGITUD FIJA--INFORMACIÓN GENERAL | |
| campo de control de longitud fija | 030507s1985 sp |||| | spa d |
| 080 ## - NÚMERO DE LA CLASIFICACIÓN DECIMAL UNIVERSAL | |
| Número de la Clasificación Decimal Universal | 371.3:681.31]:061.3(460)"1984" |
| 111 0# - ENTRADA PRINCIPAL--NOMBRE DE CONGRESO/REUNIÓN | |
| Nombre de congreso/reunión o jurisdicción como elemento de entrada | Jornadas de Informática y Educación en Euskadi |
| Fecha del congreso o de la firma del tratado | (1984) |
| 9 (RLIN) | 803 |
| 245 10 - MENCIÓN DEL TÍTULO | |
| Título | Jornadas de Informática y Educación en Euskadi / |
| Mención de responsabilidad, etc. | [organizada por el] I.C.E., Universidad del País Vasco ; patrocinado por la Conserjería de Educación del Gobierno Vasco = Euskadiko informatika eta hezkuntz ihardunaldiak / HE-Z.1. Euskal Herriko Unibertsitatea ; Eusko Jaurlaritzako Hezkuntza Sailak babestua, 1984. |
| 260 ## - PUBLICACIÓN, DISTRIBUCIÓN, ETC. | |
| Lugar de publicación, distribución, etc. | Bilbao : |
| Nombre del editor, distribuidor, etc. | Servicio Editorial, Universidad del País Vasco, |
| Fecha de publicación, distribución, etc. | 1985. |
| 300 ## - DESCRIPCIÓN FÍSICA | |
| Extensión | 428 p. ; |
| Dimensiones | 30 cm. |
| 650 #4 - PUNTO DE ACCESO ADICIONAL DE MATERIA--TÉRMINO DE MATERIA | |
| Término de materia o nombre geográfico como elemento de entrada | Enseñanza asistida por ordenador- |
| Subdivisión de forma | Congresos y asambleas. |
| 9 (RLIN) | 12301 |
| 710 2# - ENTRADA AGREGADA--NOMBRE DE ENTIDAD CORPORATIVA | |
| Nombre de entidad corporativa o nombre de jurisdicción como elemento de entrada | Universidad del País Vasco. |
| Unidad subordinada | Instituto de Ciencias de la Educación |
| 9 (RLIN) | 7368 |
| 710 1# - ENTRADA AGREGADA--NOMBRE DE ENTIDAD CORPORATIVA | |
| Nombre de entidad corporativa o nombre de jurisdicción como elemento de entrada | País Vasco. |
| Unidad subordinada | Consejería de Educación. |
| 9 (RLIN) | 6088 |
| 852 ## - LOCALIZACIÓN | |
| Ubicación | ES-MaACL |
| Número de control de estantería | G-535 |
| Nota libre | . - Donat. Ernesto García Camarero |
| Estatus retirado | Estado de pérdida | Estado de daño | No para préstamo | Biblioteca de origen | Biblioteca actual | Ubicación en estantería | Fecha de adquisición | Fuente de adquisición | Total de préstamos | Signatura topográfica completa | Código de barras | Visto por última vez | Precio de reemplazo | Tipo de ítem Koha |
|---|---|---|---|---|---|---|---|---|---|---|---|---|---|---|
| Biblioteca del Ateneo de Madrid | Biblioteca del Ateneo de Madrid | Depósito 2 | 17/01/2008 | G-535 | 1050091 | 23/02/2023 | 23/02/2023 | Libro impreso |
